| 000 | 00410nam a22001577a 4500 | ||
|---|---|---|---|
| 003 | CEME | ||
| 005 | 20210628203941.0 | ||
| 008 | 210104b xxu||||| |||| 00| 0 eng d | ||
| 040 | _cceme | ||
| 082 | _a355.495491 SPI | ||
| 100 |
_aGhq _938260 |
||
| 245 | _aSpirit of peace, 50 years of peacekeeping around the globe by pakistan army | ||
| 260 |
_aRAWALPINDI _bGHQ _c2011 |
||
| 300 | _a157P | ||
| 942 |
_cBK _2ddc |
||
| 999 |
_c575655 _d575655 |
||